| Tag |
First Indicator |
Second Indicator |
Subfields |
| LEADER |
00000cam a2200000Ii 4500 |
| 001 |
in00004046413 |
| 006 |
m o d |
| 007 |
cr |n||||||||| |
| 008 |
171117s2018 enka ob 001 0 eng d |
| 005 |
20221130133853.8 |
| 020 |
|
|
|a 9780124166455
|q (electronic bk.)
|
| 020 |
|
|
|a 0124166458
|q (electronic bk.)
|
| 020 |
|
|
|z 9780124166325
|
| 020 |
|
|
|z 0124166326
|
| 024 |
8 |
|
|a 99980761224
|
| 035 |
|
|
|a (NhCcYBP)ebc5106102
|
| 035 |
|
|
|a in00004046413
|
| 040 |
|
|
|a NhCcYBP
|c NhCcYBP
|d UtOrBLW
|
| 050 |
|
4 |
|a QA76.9.D343
|b N57 2018
|
| 072 |
|
7 |
|a COM
|x 000000
|2 bisacsh
|
| 082 |
0 |
4 |
|a 006.3/12
|2 23
|
| 100 |
1 |
|
|a Nisbet, Robert,
|e author.
|0 http://id.loc.gov/authorities/names/n2009015914
|
| 245 |
1 |
0 |
|a Handbook of statistical analysis and data mining applications /
|c authors, Robert Nisbet, Gary Miner, Ken Yale ; guest authors of selected chapters, John Elder IV, Andy Peterson.
|
| 250 |
|
|
|a Second edition.
|
| 264 |
|
1 |
|a London, United Kingdom :
|b Academic Press, an imprint of Elsevier,
|c [2018]
|
| 300 |
|
|
|a 1 online resource.
|
| 336 |
|
|
|a text
|b txt
|2 rdacontent
|
| 337 |
|
|
|a computer
|b c
|2 rdamedia
|
| 338 |
|
|
|a online resource
|b cr
|2 rdacarrier
|
| 504 |
|
|
|a Includes bibliographical references and index.
|
| 505 |
0 |
|
|a History of phases of data analysis, basic theory, and the data mining process -- The algorithms in data mining and text mining, the organization of the three most common data mining tools, and selected specialized areas using data mining -- Tutorials--step-by-step case studies as a starting point to learn how to do data mining analyses -- Measuring true complexity, the "right model for the right use," top mistakes, and the future of analytics.
|
| 500 |
|
|
|a Electronic resource.
|
| 650 |
|
0 |
|a Data mining
|x Statistical methods.
|
| 655 |
|
7 |
|a Electronic books.
|2 local
|
| 700 |
1 |
|
|a Miner, Gary,
|e author.
|
| 700 |
1 |
|
|a Yale, Kenneth P.,
|d 1956-
|e author.
|0 http://id.loc.gov/authorities/names/no2008108885
|
| 710 |
2 |
|
|a ProQuest (Firm)
|0 http://id.loc.gov/authorities/names/n2007068018
|
| 776 |
1 |
8 |
|i Print version:
|a Nisbet, Robert.
|t Handbook of statistical analysis and data mining applications.
|b Second edition.
|d London : Academic Press, [2018]
|z 9780124166325
|
| 856 |
4 |
0 |
|u https://ebookcentral.proquest.com/lib/tamucs/detail.action?docID=5106102
|z Connect to the full text of this electronic book
|t 0
|
| 955 |
|
|
|a YBP purchased DDA e-records
|
| 980 |
|
|
|b 179.91
|g 1
|
| 987 |
|
|
|a ybp14886539
|
| 999 |
f |
f |
|s 07f0e377-015e-4371-ba89-3a688dabb6f6
|i a3e90fa6-f35e-358d-a523-7cc2d95e590f
|t 0
|
| 952 |
f |
f |
|a Texas A&M University
|b College Station
|c Electronic Resources
|d Available Online
|t 0
|e QA76.9.D343 N57 2018
|h Library of Congress classification
|
| 998 |
f |
f |
|a QA76.9.D343 N57 2018
|t 0
|l Available Online
|